LIBRARY & INFORMATION CENTRE, KCAET, TAVANUR

ONLINE PUBLIC ACCESS CATALOGUE (OPAC)

Mechanics of the Gyroscope : The dynamics of rotation / (Record no. 1539)

MARC details
000 -LEADER
fixed length control field 00462cam a2200181ua 4500
041 ## - LANGUAGE CODE
Language code of text/sound track or separate title eng
082 ## - DEWEY DECIMAL CLASSIFICATION NUMBER
Classification number 531.11
Item number DEI/ME
100 ## - MAIN ENTRY--AUTHOR NAME
Personal name Deimel, Richard .F .
245 ## - TITLE STATEMENT
Title Mechanics of the Gyroscope : The dynamics of rotation /
250 ## - EDITION STATEMENT
Edition statement 2 /
260 ## - PUBLICATION, DISTRIBUTION, ETC. (IMPRINT)
Place of publication :
Name of publisher Dover publication ,
Year of publication 1950.
300 ## - PHYSICAL DESCRIPTION
Number of Pages 192 ; .
942 ## - ADDED ENTRY ELEMENTS (KOHA)
Koha item type Books
Holdings
Withdrawn status Lost status Damaged status Home library Current library Date acquired Full call number Accession Number Koha item type
      KAUAET KAUAET 07/04/2012 531.11 DEI/ME 5569 Books
free website counter